Estadísticas para Parrilla Formula 2 2024 por foto

Haz click aquí para intentar la prueba.

Estadísticas generales

  • Esta prueba ha sido intentada 16 veces
  • La puntuación promedio es 14 de 22

Estadísticas de respuestas

Respuesta% Correcto
Oliver Bearman
100%
Josep María Martí
85%
Andrea Kimi Antonelli
77%
Enzo Fittipaldi
77%
Franco Colapinto
77%
Paul Aron
77%
Dennis Hauger
69%
Gabriel Bortoleto
69%
Juan Manuel Correa
69%
Kush Maini
69%
Victor Martins
69%
Zane Maloney
69%
Isack Hadjar
62%
Jak Crawford
62%
Richard Verschoor
54%
Roman Staněk
54%
Zak O'sullivan
54%
Amaury Cordeel
46%
Joshua Durksen
38%
Rafael Villagomez
38%
Ritomo Miyata
38%
Taylor Barnard
38%

Distribución de puntuación

Porcentaje por número respondido

Porcentaje de gente con cada puntuación

Historial de tus puntuaciones

No has intentado esta prueba.